Solst. de inv. celebrado el año 5, 643 de la V. L., corresp. al de 1, 882 de la E. V. y al de 6, 595 del per. jul. Pl. de arq. tra. segun las reglas del Arte Real

Detalles Bibliográficos
Formato: Libro
Lenguaje:Spanish
Publicado: Veracruz 18--
Materias:
Colección:Banco de datos
Acervo:Biblioteca de la Congregación del Oratorio de San Felipe Neri de México. Iglesia La Profesa
Descripción Física:18 p. 21 cm.
Tema general:Astrología
Notas:Encuadernación en cartón con lomo en piel
LEADER 00805nam a22001690004500
035 |a 2060 
041 0 |a spa 
245 1 0 |a Solst. de inv. celebrado el año 5, 643 de la V. L., corresp. al de 1, 882 de la E. V. y al de 6, 595 del per. jul. Pl. de arq. tra. segun las reglas del Arte Real  |c por José Miguel Macías. gar. de amist. de la resp. log. Tinerfe, n 114 al or. de Sta. Cruz de Tenerife, ante el R. Tall. Esperanza n. 12, al O. de Veracruz  
260 |a Veracruz  |b s.n.  |c 18-- 
300 |a 18 p.  |c 21 cm. 
500 |a Encuadernación en cartón con lomo en piel 
501 |a 9 obras 
650 1 0 |a Astrología 
949 |a Iglesia La Profesa, Biblioteca 3982-I 
942 |c PROFESA 
943 |g Biblioteca de la Congregación del Oratorio de San Felipe Neri de México. Iglesia La Profesa 
999 |c 948871  |d 948871